Giáo trình tin học lý thuyết và bài tập ASP 3.0 ASP.NET

Spremljeno u:
Bibliografski detalji
Glavni autor: Nguyễn Phương Lan
Format: Knjiga
Jezik:Undetermined
Izdano: H. LĐXH 2003
Teme:
Oznake: Dodaj oznaku
Bez oznaka, Budi prvi tko označuje ovaj zapis!
Thư viện lưu trữ: Trung tâm Học liệu Trường Đại học Cần Thơ
LEADER 00598nam a2200205Ia 4500
001 CTU_60006
008 210402s9999 xx 000 0 und d
020 |b 28000 
082 |a 005.276 
082 |b L105 
100 |a Nguyễn Phương Lan 
245 0 |a Giáo trình tin học lý thuyết và bài tập ASP 3.0 ASP.NET 
245 0 |c Nguyễn Phương Lan 
260 |a H. 
260 |b LĐXH 
260 |c 2003 
650 |a active server pages,web sitesactive server pages 
650 |x design 
904 |i Minh 
980 |a Trung tâm Học liệu Trường Đại học Cần Thơ